The Coffee Paradox (Record no. 1961)

MARC details
000 -LEADER
fixed length control field 00324nam a22001337a 4500
008 - FIXED-LENGTH DATA ELEMENTS--GENERAL INFORMATION
fixed length control field 250218b |||||||| |||| 00| 0 eng d
020 ## - INTERNATIONAL STANDARD BOOK NUMBER
ISBN 1842774565
100 ## - MAIN ENTRY--AUTHOR
Author DAVIRON, Benoit
245 ## - TITLE STATEMENT
Title The Coffee Paradox
260 ## - PUBLICATION, DISTRIBUTION, ETC. (IMPRINT)
Place of publication London
Name of publisher Zed Books Limited
Date of publication 2005
300 ## - COLLATION
Pagination xiii, 295p.
942 ## - ADDED ENTRY ELEMENTS (KOHA)
Item type Books
050 ## - LIBRARY OF CONGRESS CALL NUMBER
Classification number HD9199
Item number .D38
Holdings
Source of classification or shelving scheme Not for loan Permanent location Current location Date acquired Accession No. Full call number Barcode. Koha item type
Library of Congress Classification   Samuel Ogbemudia Main Library, University of Abuja Samuel Ogbemudia Main Library, University of Abuja 02/18/2025 2008/36696 HD9199.D38 2025-0095 Books